Digital transmission lines : (Record no. 178587)
[ view plain ]
| 000 -LEADER | |
|---|---|
| fixed length control field | 01028 a2200217 4500 |
| 003 - CONTROL NUMBER IDENTIFIER | |
| control field | Nust |
| 005 - DATE AND TIME OF LATEST TRANSACTION | |
| control field | 20221128152019.0 |
| 010 ## - LIBRARY OF CONGRESS CONTROL NUMBER | |
| LC control number | 97009513 |
| 020 ## - INTERNATIONAL STANDARD BOOK NUMBER | |
| International Standard Book Number | 019511292X (cloth) |
| 040 ## - CATALOGING SOURCE | |
| Transcribing agency | Nust |
| 082 00 - DEWEY DECIMAL CLASSIFICATION NUMBER | |
| Classification number | 621.3815,GRA |
| 100 1# - MAIN ENTRY--PERSONAL NAME | |
| Personal name | Granzow, Kenneth D. |
| 9 (RLIN) | 103707 |
| 245 00 - TITLE STATEMENT | |
| Title | Digital transmission lines : |
| Remainder of title | computer modelling and analysis / |
| Statement of responsibility, etc. | Kenneth D. Granzow. |
| 260 ## - PUBLICATION, DISTRIBUTION, ETC. | |
| Place of publication, distribution, etc. | Oxford ; |
| -- | New York : |
| Name of publisher, distributor, etc. | Oxford University Press, |
| Date of publication, distribution, etc. | c1998. |
| 300 ## - PHYSICAL DESCRIPTION | |
| Extent | xx, 341 p. ; |
| Dimensions | 25 cm. += |
| Accompanying material | computer laser optical disc (4 3/4 in.) |
| 505 ## - FORMATTED CONTENTS NOTE | |
| Formatted contents note | Transmission Line Fundamentals (Page-1), Circuit Solutions at Line Termination (Page-79), Propagation in Layered Media (Page-131), Transmission Line Parameter Determination (Page-183), Simulation of Skin Effect (Page-247). |
| 650 #0 - SUBJECT ADDED ENTRY--TOPICAL TERM | |
| Topical term or geographic name entry element | Telecommunication Engineering. |
| 856 42 - ELECTRONIC LOCATION AND ACCESS | |
| Materials specified | Publisher description |
| Uniform Resource Identifier | <a href="http://www.loc.gov/catdir/enhancements/fy0602/97009513-d.html">http://www.loc.gov/catdir/enhancements/fy0602/97009513-d.html</a> |
| 856 42 - ELECTRONIC LOCATION AND ACCESS | |
| Materials specified | Table of contents only |
| Uniform Resource Identifier | <a href="http://www.loc.gov/catdir/enhancements/fy0602/97009513-t.html">http://www.loc.gov/catdir/enhancements/fy0602/97009513-t.html</a> |
| 942 ## - ADDED ENTRY ELEMENTS (KOHA) | |
| Koha item type | Reference |
| Source of classification or shelving scheme | |
| Withdrawn status | Lost status | Source of classification or shelving scheme | Damaged status | Not for loan | Permanent Location | Current Location | Shelving location | Date acquired | Full call number | Barcode | Date last seen | Price effective from | Koha item type | Public note |
|---|---|---|---|---|---|---|---|---|---|---|---|---|---|---|
| Military College of Signals (MCS) | Military College of Signals (MCS) | General Stacks | 12/12/2016 | 621.3815,GRA | MCS26804 | 12/08/2016 | 12/12/2016 | Book | Almirah No.32, Shelf No.6 |
